Emoji Quiz #44 - Statistics

General Stats
  • This quiz has been taken 7 times
  • The average score is 11 of 25
Answer Stats
Hint Answer % Correct
✡️ star of {David}
100%
☯️ {yin} {yang}
100%
♾️ {infinity}
80%
{Libra}
80%
{Cancer}
60%
{Capricorn}
60%
{Gemini}
60%
🛐 place of {worship}
60%
{Scorpio}
60%
{Taurus}
60%
{Aquarius}
40%
{Aries}
40%
⚛️ {atom} symbol
40%
🆔 {ID} button
40%
{Leo}
40%
🕎 {menorah}
40%
☦️ Orthodox {cross}
40%
{Pisces}
40%
{Sagittarius}
40%
{Virgo}
40%
⚕️ {medical} symbol
20%
🈳 Japanese "{vacancy}" button
0%
🪯 {khanda}
0%
{Ophiuchus}
0%
☸️ wheel of {dharma}
0%
No matching quizzes found
Score Distribution
Percent of People with Each Score
Percentile by Number Answered
Your Score History
You have not taken this quiz